000 00842cam a22002533a 4500
001 33159
003 PGUSA
005 20140828083722.0
008 100714s2010||||xxu|||||s|||||000 | eng d
040 _aPGUSA
_beng
042 _adc
050 4 _aPC
100 1 _aCoelho, Adolfo,
_d1847-1919
245 1 0 _aOs dialectos romanicos ou neo-latinos na África, Ásia e América
_h[electronic resource] /
_cAdolfo Coelho
260 _bProject Gutenberg,
_c2010
505 0 _aDialectos portuguezes -- Dialectos hespanhoes -- Dialectos franceses -- Lingua franca -- Considerações geraes.
506 _aPublic domain in the USA.
516 _aElectronic text
653 _aRomance languages -- Dialects
653 _aCreole dialects
830 0 _aProject Gutenberg
_v33159
856 4 0 _uhttp://www.gutenberg.org/ebooks/33159
942 _cEB
999 _c262414
_d262414